000 00997nam a22001457a 4500
999 _c518641
_d518641
008 211005b ||||| |||| 00| 0 eng d
100 _aRamanan, R., Agrawal,S. and Rao, Mohit
_929704
245 _aPromoting an culture of innovation and entrepreneurship
260 _aKurukshetra
300 _c69(7), May, 2021: p.5-11
520 _aIt is a known fact that Indian scientists, thinkers, and innovators are well known across the world who have made several significant scientific discoveries. India is considered as one of the major scientific centres in the world which have excelled in the fields of mathematics, warfare, geometry, astronomy, medicine, space science, physics, chemistry, botany, etc. The world is changing at a rapid pace. Radical technological advancements are transforming the world and giving rise to new technology and business innovations at an exponential rate. – Reproduced
773 _aKurukshetra
906 _aTECHNOLOGICAL INNOVATIONS - INDIA
942 _cAR